[Event "4NCL Division 4 South"]
[Site "Reading, ENG"]
[Date "2018.05.05"]
[Round "9.53"]
[White "Adaway, William"]
[Black "Williamson, Kevin J"]
[Result "1/2-1/2"]
[WhiteElo "1864"]
[BlackElo "1902"]
[PlyCount "65"]
[EventDate "2018.05.05"]

1. e4 e5 2. Bc4 d6 3. Nf3 Be6 4. Bxe6 fxe6 5. d4 exd4 6. Nxd4 Qd7 7. Qg4 e5 8.
Qxd7+ Kxd7 9. Nb3 Nf6 10. f3 Be7 11. Nc3 c6 12. Be3 Kc7 13. O-O-O Nbd7 14. Kb1
Rad8 15. a4 b6 16. Rd2 Nf8 17. Nc1 Ne6 18. Nd3 Rhf8 19. Rhd1 Nh5 20. b4 Nhf4
21. Nxf4 exf4 22. Bg1 Bf6 23. Rd3 Be5 24. Ne2 a5 25. Rb3 axb4 26. Rxb4 c5 27.
Rc4 Ra8 28. c3 Ra5 29. Nd4 Nxd4 30. cxd4 $11 30... Bf6 31. e5 Be7 32. exd6+
Bxd6 33. dxc5 1/2-1/2

[Event "4NCL Division 4 South"]
[Site "Reading, ENG"]
[Date "2018.05.05"]
[Round "9.54"]
[White "Obi, Marc On"]
[Black "Lovell, William Pm"]
[Result "1/2-1/2"]
[WhiteElo "1767"]
[BlackElo "1719"]
[PlyCount "61"]
[EventDate "2018.05.05"]

1. d4 d5 2. c4 dxc4 3. Nf3 Nf6 4. g3 c5 5. Qa4+ Bd7 6. Qxc4 cxd4 7. Nxd4 Nc6 8.
Bg2 Rc8 9. O-O e5 10. Nxc6 Bxc6 11. Bxc6+ Rxc6 12. Qa4 a6 13. Bg5 Be7 14. Rd1
Qc7 15. Nc3 b5 16. Qb3 O-O 17. Bxf6 Bxf6 18. Nd5 Qa7 19. Rac1 Rfc8 20. Nxf6+
gxf6 21. Rxc6 Rxc6 22. Rd8+ Kg7 23. Qf3 Qb7 24. e4 Rc1+ 25. Kg2 Rc4 26. Qg4+
Kh6 27. f3 Rc2+ 28. Kh3 Qb6 29. Rg8 Qe6 30. Qxe6 fxe6 31. Ra8 1/2-1/2

[Event "4NCL Division 4 South"]
[Site "Reading, ENG"]
[Date "2018.05.05"]
[Round "9.55"]
[White "Coburn, Joseph A"]
[Black "Whiteside, Robert"]
[Result "1/2-1/2"]
[WhiteElo "1767"]
[BlackElo "1800"]
[PlyCount "85"]
[EventDate "2018.05.05"]

1. d4 Nf6 2. Nf3 d6 3. g3 g6 4. Bg2 Bg7 5. O-O O-O 6. c3 c6 7. Nbd2 Nbd7 8. e4
e5 9. dxe5 dxe5 10. Qc2 Qc7 11. b3 Re8 12. Bb2 a5 13. c4 Nc5 14. Rfe1 Bg4 15.
h3 Bxf3 16. Nxf3 Rad8 17. Bf1 Nfd7 18. Bc3 Ne6 19. Rad1 Ndc5 20. b4 axb4 21.
Bxb4 Na6 22. a3 Nd4 23. Nxd4 exd4 24. c5 Nxb4 25. axb4 Ra8 26. Bd3 Ra3 27. Ra1
Rea8 28. Qb2 R3a4 29. Rxa4 Rxa4 30. Qb3 Ra8 31. Kg2 g5 32. Rf1 Be5 33. Bc4 Kg7
34. Rd1 Bf6 35. Rd3 Re8 36. Rf3 Re5 37. g4 Qe7 38. Bd3 Qe6 39. Bc4 Qe7 40. Bd3
h6 41. Qc4 Qe6 42. Qxd4 Qb3 43. Be2 1/2-1/2

[Event "4NCL Division 4 South"]
[Site "Reading, ENG"]
[Date "2018.05.05"]
[Round "9.56"]
[White "Miller, Max C"]
[Black "Smith, Steven J"]
[Result "0-1"]
[WhiteElo "1465"]
[BlackElo "1698"]
[PlyCount "118"]
[EventDate "2018.05.05"]

1. d4 Nf6 2. Nf3 g6 3. b3 Bg7 4. Bb2 O-O 5. e3 d5 6. Be2 c6 7. O-O Nbd7 8. c4
Ne4 9. Nc3 Ndf6 10. Rc1 Nxc3 11. Bxc3 Ne4 12. Bb2 Be6 13. Nd2 f5 14. Nxe4 fxe4
15. Bg4 Bxg4 16. Qxg4 Qc8 17. Qxc8 Raxc8 18. cxd5 cxd5 19. Rfd1 Kf7 20. Kf1 Ke6
21. Ke2 Kd7 22. f3 Rxc1 23. Rxc1 Rc8 24. Rxc8 Kxc8 25. fxe4 dxe4 26. Kf2 Kd7
27. Kg3 Bh6 28. Bc1 e6 29. Kf2 Kc6 30. Ke2 Bf8 31. Bd2 Bd6 32. h3 Kb5 33. a4+
Kc6 34. Bc3 Kd5 35. Kd2 a6 36. Kc2 $11 36... Kc6 37. b4 Kd5 38. Kb3 Bg3 39. b5
axb5 40. axb5 Bf2 41. Bd2 Bg3 42. Bc3 Bc7 43. Bb2 Bb6 44. Bc1 Ba5 45. Ka4 Bc3
46. Kb3 Be1 47. h4 Bxh4 48. Bd2 Bd8 49. Bb4 h5 50. Be1 h4 51. Kb4 g5 52. Bf2 g4
53. g3 h3 54. Bg1 Bc7 55. Bh2 b6 56. Kb3 Bd6 57. Kc3 Be7 58. Bg1 Bg5 59. Kb4
Bxe3 0-1

[Event "4NCL Division 4 South"]
[Site "Reading, ENG"]
[Date "2018.05.05"]
[Round "9.61"]
[White "Stoyanov, Viktor"]
[Black "Farr, Peter G"]
[Result "1-0"]
[WhiteElo "2125"]
[BlackElo "2192"]
[PlyCount "75"]
[EventDate "2018.05.05"]

1. d4 c5 2. d5 Nf6 3. Nf3 d6 4. Nc3 g6 5. e4 Bg7 6. Be2 O-O 7. O-O Na6 8. h3
Nc7 9. a4 a6 10. Nd2 e6 11. Nc4 exd5 12. exd5 Re8 13. Bf3 Bf5 14. Bf4 Bf8 15.
g4 Be4 16. Bg5 Bxf3 17. Qxf3 Be7 18. Rad1 Kg7 19. Qf4 b5 20. Bxf6+ Bxf6 21.
Nxd6 Re5 22. Nb7 Qf8 23. Ne4 Rxe4 24. Qxe4 Re8 25. Qf3 Rb8 26. Na5 bxa4 27. Qg3
Rc8 28. c3 h6 29. Rfe1 a3 30. Nc4 axb2 31. Nb6 Nb5 32. Nxc8 Nxc3 33. Nb6 Qd8
34. Nc4 Nxd1 35. Rxd1 Bd4 36. Qd3 Qf6 37. Ne3 Qf3 38. Nf5+ 1-0

[Event "4NCL Division 4 South"]
[Site "Reading, ENG"]
[Date "2018.05.05"]
[Round "9.62"]
[White "Balaji, Aaravamudhan"]
[Black "Isaksen, Peter A"]
[Result "1-0"]
[WhiteElo "2042"]
[BlackElo "1945"]
[PlyCount "129"]
[EventDate "2018.05.05"]

1. d4 Nf6 2. c4 e6 3. Nf3 b6 4. Nc3 Bb7 5. e3 d5 6. b3 Bb4 7. Bb2 Ne4 8. Qc2
Nd7 9. Bd3 Ndf6 10. O-O Bxc3 11. Bxc3 Nxc3 12. Qxc3 O-O 13. Nd2 Qd6 14. c5 Qc6
15. Rac1 Rfc8 16. a4 a6 17. Nf3 Nd7 18. b4 b5 19. a5 f6 20. Rfe1 Re8 21. e4
Rad8 22. e5 f5 23. h4 Nb8 24. Qd2 Qd7 25. h5 Nc6 26. Rb1 Qe7 27. Qf4 Rf8 28.
Kh2 Bc8 29. Rh1 Kh8 30. Kg1 Rg8 31. Nh4 g5 32. hxg6 Rg7 33. g3 Kg8 34. gxh7+
Rxh7 35. Kg2 Kg7 36. Nxf5+ exf5 37. Rxh7+ Kxh7 38. Rh1+ Kg8 39. Qh6 Qg7 40.
Qxc6 f4 41. Rh7 f3+ 42. Kh2 Qg5 43. Qf6 Qxf6 44. exf6 Rd7 45. Rxd7 Bxd7 46. Bg6
Bg4 47. Kg1 Kf8 48. Kf1 c6 49. Ke1 Bd7 50. Kd2 Be8 51. Bxe8 Kxe8 52. Ke3 Kf7
53. Kxf3 Kxf6 54. Kf4 Ke6 55. Kg5 Ke7 56. f4 Kf7 57. Kf5 Ke7 58. g4 Kf7 59. g5
Kg7 60. g6 Kf8 61. Kf6 Kg8 62. g7 Kh7 63. Kf7 Kh6 64. g8=Q Kh5 65. Qg5# 1-0

[Event "4NCL Division 4 South"]
[Site "Reading, ENG"]
[Date "2018.05.05"]
[Round "9.63"]
[White "Vallis, Luke"]
[Black "Watson, Mikey J"]
[Result "1/2-1/2"]
[WhiteElo "1990"]
[BlackElo "1997"]
[PlyCount "47"]
[EventDate "2018.05.05"]

1. c4 e5 2. g3 f5 3. Bg2 Nf6 4. Nc3 c6 5. d3 Be7 6. e3 d6 7. Nge2 O-O 8. O-O
Be6 9. f4 Qc7 10. Kh1 g6 11. e4 fxe4 12. Nxe4 Nxe4 13. Bxe4 Nd7 14. Be3 Nf6 15.
Bf3 Rf7 16. Nc3 Qd7 17. Ne4 Nxe4 18. Bxe4 Raf8 19. Bg2 Bh3 20. Qe2 Bxg2+ 21.
Kxg2 exf4 22. Rxf4 c5 23. Rxf7 Rxf7 24. Rf1 1/2-1/2

[Event "4NCL Division 4 South"]
[Site "Reading, ENG"]
[Date "2018.05.05"]
[Round "9.64"]
[White "Watson, Jacob"]
[Black "Vallis, Nicholas J"]
[Result "1-0"]
[WhiteElo "1982"]
[BlackElo "1735"]
[PlyCount "91"]
[EventDate "2018.05.05"]

1. e4 c6 2. d4 d5 3. Nc3 dxe4 4. Nxe4 Bf5 5. Ng3 Bg6 6. Nf3 Nf6 7. Bd3 Bxd3 8.
Qxd3 e6 9. O-O Be7 10. Re1 Nbd7 11. Bd2 O-O 12. Rad1 Qc7 13. Ne4 Nd5 14. Neg5
Bxg5 15. Nxg5 N7f6 16. c4 Nf4 17. Qf3 Ng6 18. Bb4 Rfe8 19. Ne4 Nxe4 20. Qxe4
Rad8 21. d5 c5 22. Bc3 e5 23. Rd3 f6 24. Rg3 Qf7 25. Rf3 b6 26. h4 Nf4 27. g3
Nh5 28. Qg4 Qg6 29. Qxg6 hxg6 30. Rfe3 Kf7 31. Kg2 Rc8 32. Re4 a6 33. Bd2 b5
34. g4 Nf4+ 35. Bxf4 exf4 36. b3 g5 37. hxg5 fxg5 38. Kf3 g6 39. Rxe8 Rxe8 40.
Rxe8 Kxe8 41. Ke4 Kd7 42. Ke5 Ke7 43. d6+ Kd7 44. Kd5 b4 45. Kxc5 f3 46. Kd5
1-0

[Event "4NCL Division 4 South"]
[Site "Reading, ENG"]
[Date "2018.05.05"]
[Round "9.65"]
[White "Stoyanov, Boris"]
[Black "Royal, Shreyas"]
[Result "1/2-1/2"]
[WhiteElo "1532"]
[BlackElo "1907"]
[PlyCount "83"]
[EventDate "2018.05.05"]

1. d4 Nf6 2. c4 g6 3. Nc3 d5 4. cxd5 Nxd5 5. e4 Nxc3 6. bxc3 Bg7 7. Bc4 c5 8.
Be3 O-O 9. Ne2 Nc6 10. h3 cxd4 11. cxd4 Qa5+ 12. Bd2 Qb6 13. Rb1 Qc7 14. Qc2
Rd8 15. d5 Ne5 16. Bb3 Qxc2 17. Bxc2 Nc4 18. Bb4 e6 19. Be7 Rd7 20. Bb3 Nb6 21.
d6 e5 22. a4 a5 23. Bxf7+ Kxf7 24. Rxb6 Bf6 25. Bxf6 Kxf6 26. Nc3 Ke6 27. Nd5
Ra6 28. Rxa6 bxa6 29. Nb6 Rxd6 30. Nxc8 Rc6 31. Kd2 Rxc8 32. Rc1 Rxc1 33. Kxc1
g5 34. g4 Kd6 35. Kd2 Kc6 36. Kc2 Kb6 37. Kb2 Kc5 38. Kc3 Kc6 39. Kc4 Kd6 40.
Kd3 Kc5 41. Kc3 h6 42. f3 1/2-1/2

[Event "4NCL Division 4 South"]
[Site "Reading, ENG"]
[Date "2018.05.05"]
[Round "9.66"]
[White "Cook, John"]
[Black "Isaksen, Lars"]
[Result "1-0"]
[WhiteElo "1825"]
[BlackElo "1150"]
[PlyCount "74"]
[EventDate "2018.05.05"]

1. c4 e5 2. g3 d5 3. cxd5 Nf6 4. Bg2 Nxd5 5. Nc3 Nb6 6. Nf3 Bd6 7. O-O O-O 8.
d4 exd4 9. Nxd4 a6 10. a4 c6 11. b3 Be5 12. e3 Bxd4 13. exd4 Be6 14. Ne4 N8d7
15. Ba3 Re8 16. Nd6 Qc7 17. Nxe8 Rxe8 18. Re1 Nf6 19. Rc1 Rd8 20. Rc3 Qd7 21.
Rd3 h6 22. Qc1 Nbd5 23. Qc5 b6 24. Qc1 a5 25. Rd2 b5 26. Rc2 bxa4 27. bxa4 Rc8
28. Rc5 Qa7 29. Qd2 Nb4 30. Bxb4 axb4 31. Qxb4 Nd5 32. Qa5 Qxa5 33. Rxa5 Nb4
34. Rc1 Rd8 35. Rd1 Nc2 36. Be4 g6 37. Bxc2 Kf8 1-0

[Event "4NCL Division 4 South"]
[Site "Reading, ENG"]
[Date "2018.05.05"]
[Round "9.71"]
[White "Tucker, David S"]
[Black "Smith, Olivia"]
[Result "1/2-1/2"]
[WhiteElo "2020"]
[BlackElo "2080"]
[PlyCount "75"]
[EventDate "2018.05.05"]

1. e4 e5 2. Nf3 Nf6 3. Nxe5 d6 4. Nf3 Nxe4 5. d4 d5 6. Bd3 Be7 7. O-O Nc6 8.
Re1 Bg4 9. c4 Nf6 10. Nc3 O-O 11. cxd5 Nxd4 12. Bxh7+ Nxh7 13. Qxd4 Bxf3 14.
gxf3 Bf6 15. Qc4 Qd7 16. Qg4 Rad8 17. Bf4 Bxc3 18. Qxd7 Rxd7 19. bxc3 Rxd5 20.
Bxc7 Ng5 21. Kg2 Ne6 22. Bg3 Rc8 23. Re3 Rd2 24. Rb1 b6 25. a3 Ra2 26. f4 Rxa3
27. f5 Nc5 28. Bf4 f6 29. Bd6 Ra4 30. Rb4 Rxb4 31. cxb4 Nb7 32. Bg3 $11 32...
Nd8 33. Re8+ Kf7 34. Rh8 Ke7 35. Rg8 Kf7 36. Rh8 Ke7 37. Rg8 Kf7 38. Rh8
1/2-1/2

[Event "4NCL Division 4 South"]
[Site "Reading, ENG"]
[Date "2018.05.05"]
[Round "9.72"]
[White "Rathbone-Jones, Ifan"]
[Black "Rabbitt, Michael"]
[Result "1-0"]
[WhiteElo "1847"]
[BlackElo "2043"]
[PlyCount "105"]
[EventDate "2018.05.05"]

1. e4 e5 2. d4 exd4 3. c3 dxc3 4. Bc4 Nf6 5. Nxc3 Nc6 6. Nf3 Bb4 7. O-O Bxc3 8.
bxc3 d6 9. Ba3 Bg4 10. Re1 O-O 11. Qc2 Re8 12. Nd2 Bh5 13. f4 Qd7 14. Rab1 d5
15. Bd3 dxe4 16. Nxe4 Nxe4 17. Bxe4 Rxe4 18. Qxe4 Bg6 19. Qf3 Bxb1 20. Rxb1 Re8
21. h3 Nd8 22. Rd1 Qa4 23. Bc5 b6 24. Bf2 c5 25. f5 f6 26. Qd5+ Nf7 27. Qf3 Qe4
28. Re1 Ng5 29. Rxe4 Nxf3+ 30. gxf3 Rd8 31. Be1 Kf7 32. Ra4 Rd7 33. Kg2 Ke7 34.
Bg3 Kd8 35. Bf4 Kc8 36. Kg3 Kb7 37. Re4 Kc6 38. c4 a6 39. Re6+ Kb7 40. Be3 Kc7
41. Bf4+ Kb7 42. Bd6 Rd8 43. Re7+ Kc6 44. Bf4 Rd7 45. Rxd7 Kxd7 46. a4 Kc6 47.
h4 b5 48. cxb5+ axb5 49. axb5+ Kxb5 50. h5 h6 51. Bd6 c4 52. Bf8 c3 53. Bxg7
1-0

[Event "4NCL Division 4 South"]
[Site "Reading, ENG"]
[Date "2018.05.05"]
[Round "9.73"]
[White "Shaw, Meyrick"]
[Black "Sivarajasingam, Shayanna"]
[Result "1/2-1/2"]
[WhiteElo "1939"]
[BlackElo "1773"]
[PlyCount "90"]
[EventDate "2018.05.05"]

1. d4 d5 2. Bf4 Nf6 3. e3 c5 4. c3 Nc6 5. Bd3 Qb6 6. Qb3 c4 7. Qxb6 axb6 8. Bc2
b5 9. b4 e6 10. Ne2 Kd7 11. f3 Bd6 12. O-O Bxf4 13. Nxf4 Kc7 14. e4 Bd7 15. a3
Ne7 16. Nd2 h6 17. Rfe1 Ra6 18. Ra2 Rha8 19. Nb1 Re8 20. e5 Nfg8 21. Nh5 g6 22.
Ng3 h5 23. f4 Nh6 24. Nd2 Rea8 25. Rea1 Kd8 26. Nf3 Ke8 27. Ng5 Kf8 28. Nh7+
Kg7 29. Nf6 Bc6 30. Nf1 Kh8 31. g3 Kg7 32. h3 Nhg8 33. Nxg8 Kxg8 34. Ne3 Kg7
35. g4 hxg4 36. hxg4 Bd7 37. Kg2 R6a7 38. g5 Bc6 39. Ng4 Rh8 40. Nf6 Ra6 41.
Ng4 Rha8 42. Kf3 Rh8 43. Kg3 Rha8 44. Kg2 R6a7 45. Nf6 Rh8 1/2-1/2

[Event "4NCL Division 4 South"]
[Site "Reading, ENG"]
[Date "2018.05.05"]
[Round "9.74"]
[White "Sivarajasingam, Venetia"]
[Black "Parker, Francis"]
[Result "0-1"]
[WhiteElo "1759"]
[BlackElo "1925"]
[PlyCount "86"]
[EventDate "2018.05.05"]

1. e4 Nc6 2. Nf3 d5 3. exd5 Qxd5 4. Nc3 Qa5 5. d4 Nf6 6. Bd2 Bg4 7. Bc4 O-O-O
8. Nd5 Qa4 9. b3 Qa3 10. Bc1 Qa5+ 11. Bd2 Qa3 12. Bc1 Qd6 13. Bf4 Qe6+ 14. Ne3
Qe4 15. h3 Bh5 16. Bg3 Nxd4 17. Bd3 Nxf3+ 18. gxf3 Qc6 19. Qd2 Bxf3 20. Rg1 g6
21. Nc4 Ne4 22. Qf4 Nxg3 23. Rxg3 Bg7 24. Rb1 Bh5 25. Be4 Qd7 26. Rd3 Qe6 27.
Re3 Qf6 28. Qxf6 Bxf6 29. Na5 c6 30. Bf3 Bd4 31. Rd3 Bxf3 32. Rxf3 Kc7 33. Kf1
f5 34. Re1 e5 35. Nc4 e4 36. Rg3 b5 37. Ne3 f4 38. Rg4 fxe3 39. Rxe4 exf2 40.
Re7+ Kb6 41. R1e4 Bc5 42. Rf7 Rd1+ 43. Kg2 Rg1+ 0-1

[Event "4NCL Division 4 South"]
[Site "Reading, ENG"]
[Date "2018.05.05"]
[Round "9.75"]
[White "Gorgun, Aliriza Atif"]
[Black "Fraser, Susanna"]
[Result "1-0"]
[WhiteElo "2005"]
[BlackElo "1497"]
[PlyCount "103"]
[EventDate "2018.05.05"]

1. e4 e5 2. Nf3 Nc6 3. Bb5 Nge7 4. O-O g6 5. c3 Bg7 6. d4 exd4 7. cxd4 O-O 8.
Bxc6 dxc6 9. h3 Be6 10. Nc3 Qd7 11. Be3 Rad8 12. Qc1 Rfe8 13. Rd1 Nc8 14. Bg5
Ne7 15. Qf4 Qd6 16. Qh4 Bc4 17. Bf4 Qf6 18. Qxf6 Bxf6 19. Bxc7 Rd7 20. Be5 Bxe5
21. Nxe5 Be6 22. Nxd7 Bxd7 23. e5 Be6 24. Ne4 Rd8 25. Nc5 Bd5 26. Rd2 b6 27.
Nb7 Rd7 28. Nd6 Kf8 29. b3 Be6 30. g4 Nd5 31. Rc1 Nf4 32. Kh2 Bd5 33. Kg3 Ne6
34. f4 f6 35. Rf1 Kg8 36. Ne8 Kf7 37. Nxf6 Rd8 38. f5 gxf5 39. Rxf5 Kg6 40.
Nxd5 Rxd5 41. Rf6+ Kg7 42. Rxe6 c5 43. Rd6 Rxd4 44. R2xd4 cxd4 45. Rd7+ Kf8 46.
Kf4 d3 47. Kf5 d2 48. Kf6 Ke8 49. Rxd2 a5 50. e6 b5 51. e7 a4 52. Rd8# 1-0

[Event "4NCL Division 4 South"]
[Site "Reading, ENG"]
[Date "2018.05.05"]
[Round "9.76"]
[White "Jaberansari, Daniel"]
[Black "Kramaley, David"]
[Result "0-1"]
[WhiteElo "1455"]
[BlackElo "1900"]
[PlyCount "124"]
[EventDate "2018.05.05"]

1. e4 d5 2. exd5 Qxd5 3. Nc3 Qd8 4. Bc4 Nf6 5. d3 a6 6. Bg5 h6 7. Bh4 e6 8. Nf3
Be7 9. O-O O-O 10. Re1 b5 11. Bb3 Bb7 12. Bg3 Nbd7 13. Nd2 Nc5 14. Nde4 Nxb3
15. axb3 c5 16. Rb1 Qb6 17. Nxf6+ Bxf6 18. Ne4 Be7 19. f3 Rfd8 20. Bf2 Qc6 21.
Qe2 Rac8 22. Kh1 Rd7 23. Kg1 Rcd8 24. Kh1 Qc8 25. Kg1 Rd5 26. Qf1 Kh8 27. Kh1
R5d7 28. Qe2 Rc7 29. Bg3 Rc6 30. Nd2 Rd5 31. Qf1 Qf8 32. Re5 Bf6 33. Ree1 Qd8
34. Ne4 Be7 35. Nd2 Rc8 36. Ne4 Rf5 37. Nd2 Qd5 38. Qe2 Qc6 39. Qf1 Rd5 40. Qe2
Qe8 41. Qf1 Qg8 42. Ne4 h5 43. Nd2 h4 44. Bf2 Rh5 45. d4 cxd4 46. Bxd4 Rxc2 47.
Bc3 b4 48. Qd3 bxc3 49. Qxc2 cxd2 50. Qxd2 Rd5 51. Qf4 Bf6 52. Qc7 Rb5 53. Qc2
h3 54. Re3 hxg2+ 55. Qxg2 Qh7 56. Rd1 Bd5 57. Rc1 Qh6 58. Rc8+ Kh7 59. Qc2+ g6
60. Qc7 Qxe3 61. Qxf7+ Bg7 62. Qg8+ Kh6 0-1

[Event "4NCL Division 4 South"]
[Site "Reading, ENG"]
[Date "2018.05.05"]
[Round "9.81"]
[White "Bennet-Stevens, Lucy"]
[Black "Lim, Mark"]
[Result "1/2-1/2"]
[WhiteElo "1930"]
[BlackElo "1820"]
[PlyCount "74"]
[EventDate "2018.05.05"]

1. e4 e6 2. d4 d5 3. e5 c5 4. c3 Nc6 5. Nf3 Nge7 6. Bd3 cxd4 7. cxd4 Nf5 8.
Bxf5 exf5 9. O-O h6 10. h4 Be7 11. g3 g5 12. h5 f4 13. Nh2 Bh3 14. Re1 fxg3 15.
fxg3 Qb6 16. Nc3 Nxd4 17. Kh1 Nf5 18. Qf3 Rd8 19. g4 Nd4 20. Qd3 Ne6 21. Qxh3
d4 22. Ne4 d3 23. Qe3 Qc6 24. Nf3 Nc5 25. Bd2 b6 26. Rac1 Qe6 27. Nf2 Qxa2 28.
Bc3 Qe6 29. Nd4 Qd5+ 30. Kg1 O-O 31. Rcd1 Rfe8 32. Nxd3 Nxd3 33. Rxd3 Bc5 34.
b4 Bxd4 35. Rxd4 Qe6 36. Rxd8 Qxg4+ 37. Kf2 Rxd8 1/2-1/2

[Event "4NCL Division 4 South"]
[Site "Reading, ENG"]
[Date "2018.05.05"]
[Round "9.82"]
[White "Phillips, William"]
[Black "Finn, Thomas"]
[Result "1-0"]
[WhiteElo "1851"]
[BlackElo "1930"]
[PlyCount "67"]
[EventDate "2018.05.05"]

1. d4 d5 2. Nf3 Nf6 3. e3 Bf5 4. Bd3 Bg6 5. O-O e6 6. c4 c6 7. Nc3 Bd6 8. Ne5
Bxd3 9. Qxd3 Nbd7 10. f4 dxc4 11. Nxc4 Bc7 12. Qc2 Nb6 13. Nxb6 Bxb6 14. Na4
Qc7 15. Nxb6 Qxb6 16. Bd2 O-O-O 17. a4 Kb8 18. a5 Qa6 19. Bc3 Nd5 20. Bd2 Nf6
21. b4 Rd5 22. Bc3 Qc4 23. Rfc1 Rhd8 24. a6 b6 25. h3 Rb5 26. e4 Rxd4 27. Bxd4
Qxd4+ 28. Kh1 c5 29. Rd1 Qe3 30. Rd8+ Kc7 31. Rad1 Nxe4 32. R8d7+ Kc6 33. Qxe4+
Qxe4 34. R1d6# 1-0

[Event "4NCL Division 4 South"]
[Site "Reading, ENG"]
[Date "2018.05.05"]
[Round "9.83"]
[White "Neale, George"]
[Black "Breed, Greg J"]
[Result "0-1"]
[WhiteElo "1810"]
[BlackElo "1755"]
[PlyCount "86"]
[EventDate "2018.05.05"]

1. d4 d5 2. c4 Nf6 3. Nc3 e6 4. Bg5 Nbd7 5. cxd5 exd5 6. Nf3 c6 7. e3 Bd6 8.
Bd3 O-O 9. O-O Re8 10. Qc2 h6 11. Bh4 Qc7 12. h3 a6 13. Rac1 b6 14. Bf5 Ra7 15.
Qb3 g5 16. Nxg5 hxg5 17. Bxg5 Qb8 18. Qd1 Kg7 19. Qf3 Be7 20. Ne2 c5 21. Nf4
Qd6 22. Qg3 Rh8 23. Ne6+ Qxe6 24. Bxe6 fxe6 25. Bxf6+ Kxf6 26. Rfe1 Kf7 27. e4
Nf6 28. e5 Ne4 29. Qf4+ Ke8 30. f3 Bg5 31. Qg4 Rh4 32. Rxe4 Rxg4 33. Rxg4 Bxc1
34. Rg8+ Kf7 35. Rxc8 Be3+ 36. Kh2 Bxd4 37. f4 Bxb2 38. g4 c4 39. Kg3 c3 40.
Kf3 Rd7 41. Ke3 Bc1+ 42. Kf3 d4 43. f5 d3 0-1

[Event "4NCL Division 4 South"]
[Site "Reading, ENG"]
[Date "2018.05.05"]
[Round "9.84"]
[White "Gallagher, Charles H"]
[Black "Bennett, Max"]
[Result "1/2-1/2"]
[WhiteElo "1690"]
[BlackElo "1780"]
[PlyCount "43"]
[EventDate "2018.05.05"]

1. e4 e6 2. d4 d5 3. exd5 exd5 4. Nf3 Nf6 5. Nc3 Bd6 6. Bg5 c6 7. Bd3 O-O 8.
O-O Bg4 9. h3 Bh5 10. g4 Bg6 11. Ne5 Qb6 12. Bxg6 fxg6 13. Qd2 Nbd7 14. Nxd7
Nxd7 15. Rae1 Nf6 16. Re6 Bb4 17. Bxf6 Rxf6 18. Rfe1 Raf8 19. Rxf6 Rxf6 20. Qe3
Bf8 21. b3 Qc7 22. Kg2 1/2-1/2

[Event "4NCL Division 4 South"]
[Site "Reading, ENG"]
[Date "2018.05.05"]
[Round "9.85"]
[White "Finn, Daniel"]
[Black "Ivanov, Elizabeth"]
[Result "1-0"]
[WhiteElo "1596"]
[BlackElo "1558"]
[PlyCount "39"]
[EventDate "2018.05.05"]

1. d4 d5 2. c4 c6 3. Nc3 Nf6 4. Nf3 Bg4 5. e3 e6 6. cxd5 exd5 7. Be2 Bb4 8. O-O
Nbd7 9. Qc2 Bxc3 10. bxc3 Qc7 11. Ba3 Ne4 12. c4 Qa5 13. cxd5 cxd5 14. Qb2 Rb8
15. Rac1 h5 16. Rc2 h4 17. Rfc1 Ndf6 18. Ne5 Bxe2 19. Rc8+ Rxc8 20. Rxc8+ 1-0

[Event "4NCL Division 4 South"]
[Site "Reading, ENG"]
[Date "2018.05.05"]
[Round "9.86"]
[White "Dhemrait, Surjit S"]
[Black "Woods, Timothy J"]
[Result "1/2-1/2"]
[WhiteElo "1556"]
[BlackElo "1625"]
[PlyCount "57"]
[EventDate "2018.05.05"]

1. e4 d6 2. Nc3 g6 3. d4 Nf6 4. f4 Bg7 5. Nf3 c5 6. dxc5 Qa5 7. cxd6 Nxe4 8.
Bb5+ Bd7 9. Bxd7+ Nxd7 10. Bd2 Nxc3 11. Bxc3 Bxc3+ 12. bxc3 Qxc3+ 13. Nd2 Qe3+
14. Qe2 Qxe2+ 15. Kxe2 exd6 16. Rhe1 O-O-O 17. Kf2 Rhe8 18. Red1 Nf6 19. Kf3
Kc7 20. Rac1 Kc6 21. Nb3 d5 22. c4 dxc4 23. Rxc4+ Kb5 24. Rc5+ Kb6 25. Rxd8
Rxd8 26. Re5 Rd7 27. Nc5 Rc7 28. Na4+ Ka6 29. Nc5+ 1/2-1/2

[Event "4NCL Division 4 South"]
[Site "Reading, ENG"]
[Date "2018.05.05"]
[Round "9.91"]
[White "Makkar, Rajat"]
[Black "Ogunshola, Ben"]
[Result "0-1"]
[WhiteElo "1813"]
[BlackElo "2134"]
[PlyCount "52"]
[EventDate "2018.05.05"]

1. d4 Nf6 2. c4 g6 3. g3 c5 4. d5 b5 5. cxb5 a6 6. bxa6 d6 7. Bg2 Bg7 8. e4 O-O
9. Ne2 Bxa6 10. O-O Nbd7 11. f4 Qb6 12. Nbc3 Ng4 13. Kh1 c4 14. Nd4 Bxd4 15.
Qxg4 Nc5 16. e5 Nd3 17. Ne4 Bc8 18. Qg5 Bf5 19. exd6 exd6 20. Nf6+ Bxf6 21.
Qxf6 Nf2+ 22. Rxf2 Qxf2 23. Qc3 Rfe8 24. h3 Re2 25. Qf3 Re1+ 26. Bf1 Rxf1# 0-1

[Event "4NCL Division 4 South"]
[Site "Reading, ENG"]
[Date "2018.05.05"]
[Round "9.92"]
[White "Green, George D A"]
[Black "Vachtfeidl, Petr"]
[Result "1/2-1/2"]
[WhiteElo "1870"]
[BlackElo "1890"]
[PlyCount "80"]
[EventDate "2018.05.05"]

1. Nf3 d5 2. d4 Nf6 3. Bg5 e6 4. e3 c5 5. c3 Nbd7 6. Nbd2 Be7 7. Bd3 O-O 8. O-O
b6 9. Re1 Bb7 10. e4 dxe4 11. Nxe4 Nxe4 12. Bxe7 Qxe7 13. Bxe4 Bxe4 14. Rxe4
Nf6 15. Re5 Rfd8 16. Qe2 cxd4 17. Nxd4 Rd5 18. Rxd5 Nxd5 19. Rd1 Rc8 20. Qe5
Qf6 21. Qxf6 gxf6 22. Nf5 Nxc3 23. bxc3 exf5 24. Rd3 Rc4 25. Kf1 Ra4 26. Rd2
Kf8 27. Ke2 Ke7 28. Kd1 Ke6 29. Kc1 h5 30. Kb2 Rg4 31. f3 Rh4 32. Re2+ Kd6 33.
h3 $11 33... Rc4 34. Kc2 h4 35. Re8 Ra4 36. Kb3 b5 37. Re2 a6 38. Re8 Kd7 39.
Re3 Kd6 40. Re8 Rc4 1/2-1/2

[Event "4NCL Division 4 South"]
[Site "Reading, ENG"]
[Date "2018.05.05"]
[Round "9.93"]
[White "Frostick, Helen M"]
[Black "Olufemi, George"]
[Result "0-1"]
[WhiteElo "1832"]
[BlackElo "1824"]
[PlyCount "61"]
[EventDate "2018.05.05"]

1. e4 g6 2. Nf3 Bg7 3. d4 c5 4. c3 d5 5. Bb5+ Nd7 6. exd5 Qb6 7. Bxd7+ Bxd7 8.
dxc5 Qxc5 9. O-O Nf6 10. Ne5 Qxd5 11. Qxd5 Nxd5 12. Nxd7 Kxd7 13. Rd1 Kc6 14.
Na3 Rad8 15. Nc2 e5 16. g3 h6 17. Be3 Nxe3 18. Nxe3 f5 19. c4 Rd4 20. Rxd4 exd4
21. Nd5 Kc5 22. Rc1 a5 23. b3 Re8 24. Kf1 g5 25. a3 d3 26. b4+ axb4 27. axb4+
Kd4 28. Ne3 d2 29. Rb1 Kd3 30. Nxf5 Kc2 31. Nxg7 0-1

[Event "4NCL Division 4 South"]
[Site "Reading, ENG"]
[Date "2018.05.05"]
[Round "9.94"]
[White "Fernando, Manel"]
[Black "Homolka, Vincent"]
[Result "0-1"]
[WhiteElo "1534"]
[BlackElo "1774"]
[PlyCount "102"]
[EventDate "2018.05.05"]

1. d4 d5 2. Bf4 e6 3. Nf3 Bd6 4. Bg5 Nf6 5. e3 O-O 6. Bd3 Nbd7 7. O-O c5 8. c3
Qc7 9. Qe2 b6 10. Nbd2 Bb7 11. Rac1 Ne4 12. Bh4 f5 13. c4 Rac8 14. cxd5 exd5
15. Bb1 c4 16. g3 h6 17. Nxe4 fxe4 18. Ne1 Nf6 19. Bxf6 Rxf6 20. Qg4 Rcf8 21.
Ng2 Qf7 22. Nf4 Bc8 23. Qe2 g5 24. Ng2 Bh3 25. Rc2 Rf3 26. b3 b5 27. bxc4 bxc4
28. Qd2 h5 29. Qa5 Bxg2 30. Kxg2 Rxe3 31. Qd2 Rf3 32. Qxg5+ Kh7 33. Re2 Bf4 34.
Qh4 Be3 35. Bc2 Kh6 36. Bd1 Bxd4 37. Rd2 Rd3 38. Rxd3 cxd3 39. f4 Bf6 40. Qh3
e3 41. Re1 e2 42. g4 exd1=Q 43. Rxd1 Bd8 44. Rxd3 Bc7 45. f5 Rg8 46. Qe3+ Kh7
47. g5 Qxf5 48. h4 Qg4+ 49. Kf1 Rf8+ 50. Ke1 Ba5+ 51. Rc3 Qe4 0-1

[Event "4NCL Division 4 South"]
[Site "Reading, ENG"]
[Date "2018.05.05"]
[Round "9.95"]
[White "Saidmurodov, Shahjahon"]
[Black "Sloan, Hamish"]
[Result "1-0"]
[WhiteElo "1600"]
[BlackElo "1525"]
[PlyCount "67"]
[EventDate "2018.05.05"]

1. d4 d6 2. Bf4 Nf6 3. e3 b6 4. Be2 Bb7 5. Bf3 Bxf3 6. Qxf3 Nbd7 7. Nc3 g6 8.
Nge2 Bg7 9. h4 h5 10. O-O-O a6 11. e4 Ng4 12. Qg3 e5 13. dxe5 Bxe5 14. Bxe5
Ndxe5 15. f4 Nc6 16. Nd4 Ne7 17. e5 dxe5 18. fxe5 c5 19. e6 Nf6 20. exf7+ Kxf7
21. Nc6 Qe8 22. Ne5+ Kg7 23. Rhf1 Rf8 24. Nc4 b5 25. Nd6 Qb8 26. Qe5 Qa7 27.
Rxf6 Rxf6 28. Nce4 Ng8 29. Rf1 Raf8 30. Nxf6 Nxf6 31. Rxf6 Rxf6 32. Ne8+ Kf7
33. Qxf6+ Kxe8 34. Qh8+ 1-0